Score 0/16 Timer 02:00
1 Play Today
Year Movie % Correct
_____ SwanBlack
96.8%
No _____ AttachedStrings
94.2%
Everyone Says I _____ YouLove
92.4%
Anywhere But _____Here
91.9%
V for _____Vendetta
91%
Star Wars: Episode I - The Phantom _____Menace
87.7%
_____ Attacks!Mars
81.9%
The _____ Boleyn GirlOther
79.3%
Year Movie % Correct
Where The _____ IsHeart
66%
Garden _____State
59%
Cold _____Mountain
51.2%
Mr. Magorium's _____ EmporiumWonder
46.5%
New _____, I Love YouYork
44.2%
Léon: The _____Professional
38.6%
The Darjeeling _____Limited
36.4%
Beautiful _____Girls
21%

Today's Daily Dose

Missing Word
I Hardly Know Her!

Word Ladder
Sentence Ending

Quick Pick
Female Firsts

Get the Picture
Triathlon Sports

Remove Ads.
Support Sporcle.
Get the best of Sporcle when you Go Orange. This ad-free experience offers more features, more stats, and more fun while also helping to support Sporcle. Thank you for becoming a member.

You're not logged in!

Compare scores with friends on all Sporcle quizzes.
OR
Log In

Show Comments

Extras

Top Quizzes Today


Score Distribution

Your Account Isn't Verified!

In order to create a playlist on Sporcle, you need to verify the email address you used during registration. Go to your Sporcle Settings to finish the process.

Report this User

Report this user for behavior that violates our Community Guidelines.

Details: